000 00615nam a22001937a 4500
003 OSt
005 20260121061126.0
008 260121b |||||||| |||| 00| 0 eng d
020 _a0-7868-6548-2.
040 _aDWC-Main lib.
_cOC
082 _aCirc. 158 M178l 1999
100 _aMcGraw, Phillip C.
245 _aLife strategies:
_bdoing what works, doing what matters/
_cPhillip C. McGraw
260 _aNew York :
_bHyperion,
_cc1999.
300 _axi, 362 pages ;
_c17 centimeters.
650 _a1. Change (Psychology).
650 _a2. Success Psychological Aspects.
942 _2ddc
_cBK-CIRC
_hCirc.
_n0
999 _c7658
_d7658